Alternativní chov prasat v podmínkách moderního zemědělství /

Hlavní autor: Frydrychová, Soňa
Další autoři: Rozkot, Miroslav
Jazyk: Čeština
Vydáno: Praha : Agrární komora České republiky, 2019
Témata:
Fyzický popis: 64 stran : ilustrace (převážně barevné) ; 21 cm
Knihy
Uloženo v:
LEADER 01694nam a2200469 i 4500
001 nkc20193155757
003 CZ PrNK
005 20200225153449.0
007 ta
008 191025s2019 xr a e f 000 0 cze
015 |a cnb003155757 
020 |a 978-80-88351-10-8  |q (brožováno) 
035 |a (OCoLC)1143800226 
040 |a OLA001  |b cze  |e rda 
072 7 |a 636  |x Chov zvířat. Živočišná výroba  |2 Konspekt  |9 24 
080 |a 636.4  |2 MRF 
080 |a 636.08  |2 MRF 
080 |a 631.147  |2 MRF 
080 |a (072)  |2 MRF 
100 1 |a Frydrychová, Soňa  |7 ola20201063364  |4 aut 
245 1 0 |a Alternativní chov prasat v podmínkách moderního zemědělství /  |c autorský kolektiv Frydrychová Soňa, Rozkot Miroslav a kol. 
264 1 |a Praha :  |b Agrární komora České republiky,  |c 2019 
300 |a 64 stran :  |b ilustrace (převážně barevné) ;  |c 21 cm 
336 |a text  |b txt  |2 rdacontent 
337 |a bez média  |b n  |2 rdamedia 
338 |a svazek  |b nc  |2 rdacarrier 
500 |a Název z obálky 
504 |a Obsahuje bibliografii 
650 0 7 |a prasata  |7 ph115875  |2 czenas 
650 0 7 |a chov hospodářských zvířat  |7 ph119201  |2 czenas 
650 0 7 |a alternativní zemědělství  |7 ph114031  |2 czenas 
650 0 9 |a pigs  |2 eczenas 
650 0 9 |a livestock keeping  |2 eczenas 
650 0 9 |a alternative agriculture  |2 eczenas 
655 7 |a metodické příručky  |7 fd132826  |2 czenas 
655 9 |a methodological manuals  |2 eczenas 
700 1 |a Rozkot, Miroslav  |7 ola2006329929  |4 aut 
910 2 |a BOA001  |b 2-1441.883 
990 |a BK 
995 |a 01 
991 |b 202001  |c NOV 
996 6 |b 2610812480  |c 2-1441.883  |l MZK  |r Sklad / do 1 hodiny  |n 1  |p p.v.  |w 001777473  |u 000010  |a 1  |e BOA001  |j MZK50  |s P